000 01910cam a22006014i 4500
003 PE-LiUPU
005 20250731170501.0
008 150616s1996 sp rb 000 0 spa d
020 _a8479142324
035 _a(Sirsi) i9788479142322
040 _aPE-LiUPU
_bspa
_cPE-LiUPU
_erda
049 _aPRUA
082 0 4 _a174.2
_bB57
_221
100 1 _aBlázquez, Niceto,
_eautor.
245 1 0 _aBioética Fundamental /
_cpor Niceto Blázquez con la colaboración de Luis Miguel Pastor García.
264 1 _aMadrid :
_bBiblioteca de Autores Cristianos,
_c1996.
300 _a619 páginas ;
_c20 centímetros.
336 _atext
_2rdacontent
337 _aunmediated
_2rdamedia
338 _avolume
_2rdacarrier
490 1 _aBiblioteca de Autores Cristianos ;
_v563
504 _aBibliografía: páginas 559-609.
505 0 _aLas bases científicas de la boética -- Problemas éticos y estatuto de la bioética.
526 _aSEG68
526 _aSEG70
526 _aSEG69
526 _aSEG67
526 _aSEG43
526 _aP144
526 _aP143
526 _aP131
526 _aP122
526 _aP120
526 _aP117
526 _aP112
526 _aP110
526 _aP106
526 _aP101
526 _aP80
526 _aP59
526 _aP54
526 _aP35
526 _aP33
526 _aP30
650 0 4 _aBioética.
910 _ajck
_bjvq
_cjck
942 _2ddc
_cBOOK
949 _a174.2 B57
_wDEWEY
_c1
_i43455
_d2016-5-22
_e2016-5-20
_lCCODEBUL1
_mBUL
_n1
_r0
_sY
_tBOOK
_u2015-6-16
_xTEOLOGIA
_zUNKNOWN
_0COMPRA
_o.STAFF. Colección Teología
994 _aC0
_bPEPRU
596 _a1
999 _a174.2 B57
_wDEWEY
_c61424
_i43455
_d61424
_e2016-5-20
_f2021-11-4
_g5
_lCCODEBUL1
_mBUL
_n1
_p30.00
_q2
_r0
_sY
_tBOOK
_u2015-6-16
_xBIBLIOTECA
_PP35
_0COMPRA
_o.STAFF. Colección Teología
980 _81
_gALBERTO SANCHEZ Responsable de Automatización